{"text_format":"3","workbook":"xlsx","n_sheets":1,"sheets":["экономика-2023"],"read":"whole","date_system":"1900"}

{"sheet":"экономика-2023","index":0,"n_rows":35,"n_cols":20,"rows_kept":35,"merged":[[0,0,0,19]]}
["Муниципальный этап всероссийской олимпиады по экономике, 20.11.2023"]
["№","Код участника","Название ОУ","СНИЛС","Фамилия","Имя","Отчество","Пол","Дата рождения","Участник с ОВЗ","Класс","Класс участия","Балл","Добавлено баллов по итогам апелляции","Итоговый балл","Макс. балл","Статус","Призер МЭ прошлого года","Учитель","Место работы учителя"]
[1,"454010_15572513670_11","муниципальное бюджетное общеобразовательное учреждение \"Мичанская основная общеобразовательная школа Сабинского муниципального района Республики Татарстан\"","155-725-136 70","Ситдиков","Салават","Айратович","м","07.08.2009","нет",8,8,26,null,26,100,"участник","нет","Ибрагимова Миляуша Гафуровна","муниципальное бюджетное общеобразовательное учреждение \"Мичанская основная общеобразовательная школа Сабинского муниципального района Республики Татарстан\""]
[2,"454021_15799529039_11","муниципальное бюджетное общеобразовательное учреждение \"Большешинарская средняя общеобразовательная школа имени А.А.Ахунзянова Сабинского муниципального района Республики Татарстан\"",15799529039,"Галявин","Булат","Радикович","м","26.12.2008","нет",8,8,3,null,3,100,"участник","нет","Маликова Гульназ Ильшатовна","муниципальное бюджетное общеобразовательное учреждение \"Большешинарская средняя общеобразовательная школа имени А.А.Ахунзянова Сабинского муниципального района Республики Татарстан\""]
[3,"454017_15622547967_11","муниципальное бюджетное общеобразовательное учреждение \"Изминская средняя общеобразовательная школа Сабинского муниципального района Республики Татарстан\"",15622547967,"Шайхетдинова","Марьям","Альмировна","ж","2009-10-13","нет",8,8,12,null,12,100,"участник","нет","Суляйманова Наиля Мансуровна","муниципальное бюджетное общеобразовательное учреждение \"Изминская средняя общеобразовательная школа Сабинского муниципального района Республики Татарстан\""]
[4,"451024_16702431547_11","муниципальное бюджетное общеобразовательное учреждение \"Сабинская средняя общеобразовательная школа Сабинкого муниципального района Республики Татарстан\"",16702431547,"Зиннатуллин ","Карим ","Рамилевич","м","12.06.2011","нет",6,8,32,null,32,100,"участник","нет","Юсупова Ризаля Зуфаровна","муниципальное бюджетное общеобразовательное учреждение \"Сабинская средняя общеобразовательная школа Сабинкого муниципального района Республики Татарстан\""]
[5,"451024_16271272252_11","муниципальное бюджетное общеобразовательное учреждение \"Сабинская средняя общеобразовательная школа Сабинкого муниципального района Республики Татарстан\"",16271272252,"Мавлетова","Аниса","Рустамовна","ж","26.10.2010","нет",7,8,44,null,44,100,"участник","нет","Юсупова Ризаля Зуфаровна","муниципальное бюджетное общеобразовательное учреждение \"Сабинская средняя общеобразовательная школа Сабинкого муниципального района Республики Татарстан\""]
[6,"451001_19139869825_11","муниципальное бюджетное общеобразовательное учреждение \"Гимназия п.г.т. Богатые Сабы Сабинского муниципального района Республики Татарстан\"",19139869825,"Авидзба","Александр","Джубеевич","м","22.05.2010","нет",7,7,23,null,23,100,"участник","нет","Фатихова Дина Ильгизовна","муниципальное бюджетное общеобразовательное учреждение \"Гимназия п.г.т. Богатые Сабы Сабинского муниципального района Республики Татарстан\""]
[7,"451001_15473734886_11","муниципальное бюджетное общеобразовательное учреждение \"Гимназия п.г.т. Богатые Сабы Сабинского муниципального района Республики Татарстан\"",15473734886,"Исмагилова","Алина","Руслановна","ж","08.05.2009","нет",8,8,5,null,5,100,"участник","нет","Ахтямзянов Айнур Рамазанович","муниципальное бюджетное общеобразовательное учреждение \"Гимназия п.г.т. Богатые Сабы Сабинского муниципального района Республики Татарстан\""]
[8,"454023_15716903176_11","муниципальное бюджетное общеобразовательное учреждение \"Сабабашская основная общеобразовательная школа Сабинского муниципального района Республики Татарстан\"",15716903176,"Гайнутдинова","Алина","Айратовна","ж","2009-12-14","нет",8,8,17,null,17,100,"участник","нет","Исмагилова Рания Равильовна","муниципальное бюджетное общеобразовательное учреждение \"Сабабашская основная общеобразовательная школа Сабинского муниципального района Республики Татарстан\""]
[9,"454006_15574885919_11","муниципальное бюджетное общеобразовательное учреждение \"Юлбатская основная общеобразовательная школа  Сабинского муниципального района Республики Татарстан\"",15574885919,"Тухватуллин","Тагир","Ильшатович","м","13.08.2009","нет",8,8,3,null,3,100,"участник","нет","Хасанов Минсур Мавлявиевич","муниципальное бюджетное общеобразовательное учреждение \"Юлбатская основная общеобразовательная школа  Сабинского муниципального района Республики Татарстан\""]
[10,"452003_16042127418_11","муниципальное бюджетное общеобразовательное учреждение \"Шеморданский лицей \"Рост\" Сабинского муниципального района Республики Татарстан\"",16042127418,"Хазиев","Самат","Равилевич","м","18.12.2008","нет",8,8,58,null,58,100,"победитель","нет","Емельянова Ляйсан Мазитовна","муниципальное бюджетное общеобразовательное учреждение \"Шеморданский лицей \"Рост\" Сабинского муниципального района Республики Татарстан\""]
[11,"452003_16155825874_11","муниципальное бюджетное общеобразовательное учреждение \"Шеморданский лицей \"Рост\" Сабинского муниципального района Республики Татарстан\"",16155825874,"Степанов","Рамин","Андреевич","м","08.10.2008","нет",8,8,21,null,21,100,"участник","нет","Емельянова Ляйсан Мазитовна","муниципальное бюджетное общеобразовательное учреждение \"Шеморданский лицей \"Рост\" Сабинского муниципального района Республики Татарстан\""]
[12,"452003_15565695509_11","муниципальное бюджетное общеобразовательное учреждение \"Шеморданский лицей \"Рост\" Сабинского муниципального района Республики Татарстан\"",15565695509,"Ганеев","Максим","Олегович","м","07.08.2009","нет",8,8,5,null,5,100,"участник","нет","Емельянова Ляйсан Мазитовна","муниципальное бюджетное общеобразовательное учреждение \"Шеморданский лицей \"Рост\" Сабинского муниципального района Республики Татарстан\""]
[13,"451002_15686597230_11","муниципальное бюджетное общеобразовательное учреждение «Средняя общеобразовательная школа-интернат с углубленным изучением отдельных предметов для одаренных детей»  Сабинского муниципального района Республики Татарстан",15686597230,"Зарипов","Аскар","Ленарович","м","15.12.2009","нет",7,8,12,null,12,100,"участник","нет","Габдрахманов Салават Саматович","муниципальное бюджетное общеобразовательное учреждение «Средняя общеобразовательная школа-интернат с углубленным изучением отдельных предметов для одаренных детей»  Сабинского муниципального района Республики Татарстан"]
[14,"451001_16339228373_11","муниципальное бюджетное общеобразовательное учреждение \"Гимназия п.г.т. Богатые Сабы Сабинского муниципального района Республики Татарстан\"",16339228373,"Шаймарданова","Алия","Айнуровна","ж","2010-12-10","нет",7,8,7,null,7,100,"участник ","нет","Фатихова Дина Ильгизовна","муниципальное бюджетное общеобразовательное учреждение \"Гимназия п.г.т. Богатые Сабы Сабинского муниципального района Республики Татарстан\""]
[15,"454010_15819890619_11","муниципальное бюджетное общеобразовательное учреждение \"Мичанская основная общеобразовательная школа Сабинского муниципального района Республики Татарстан\"","158-198-906 19","Зарипов","Газиз","Дамирович","М","14.07.2008","нет",9,9,11,null,11,100,"участник ","нет","Ибрагимова Миляуша Гафуровна","муниципальное бюджетное общеобразовательное учреждение \"Мичанская основная общеобразовательная школа Сабинского муниципального района Республики Татарстан\""]
[16,"454021_15745456190_11","муниципальное бюджетное общеобразовательное учреждение \"Большешинарская средняя общеобразовательная школа имени А.А.Ахунзянова Сабинского муниципального района Республики Татарстан\"",15745456190,"Бикбаева","Фируза","Фидаилевна","ж","04.01.2008","нет",9,9,5,null,5,100,"участник ","нет","Маликова Гульназ Ильшатовна","муниципальное бюджетное общеобразовательное учреждение \"Большешинарская средняя общеобразовательная школа имени А.А.Ахунзянова Сабинского муниципального района Республики Татарстан\""]
[17,"454014_15826675808_11","муниципальное бюджетное общеобразовательное учреждение \"Кильдебякская средняя общеобразовательная школа Сабинского муниципального района Республики Татарстан\"","158-266-758 08","Мифтахов","Нур","Ильнурович","м","24.10.2007","нет",9,9,19,null,19,100,"участник ","нет","Абдуллина Лейсан Миннемехаматовна","муниципальное бюджетное общеобразовательное учреждение \"Кильдебякская средняя общеобразовательная школа Сабинского муниципального района Республики Татарстан\""]
[18,15815366582,"муниципальное бюджетное общеобразовательное учреждение \"Гимназия п.г.т. Богатые Сабы Сабинского муниципального района Республики Татарстан\"",15815366582,"Камолов","Камол","Баходурович","м","13.12.2008","нет",9,9,28,null,28,100,"участник ","нет","Фазылова Гульнара Завдатовна","муниципальное бюджетное общеобразовательное учреждение \"Гимназия п.г.т. Богатые Сабы Сабинского муниципального района Республики Татарстан\""]
[19,"454006_15465319878_11","муниципальное бюджетное общеобразовательное учреждение \"Юлбатская основная общеобразовательная школа Сабинского муниципального района Республики Татарстан\"",15465319878,"Фатхриев","Рушан","Рустамович","м","15.11.2008","нет",9,9,40,null,40,100,"участник ","да","Хасанов Минсур Мавлявиевич","муниципальное бюджетное общеобразовательное учреждение \"Юлбатская основная общеобразовательная школа  Сабинского муниципального района Республики Татарстан\""]
[20,"451002_15814427773_11","муниципальное бюджетное общеобразовательное учреждение «Средняя общеобразовательная школа-интернат с углубленным изучением отдельных предметов для одаренных детей»  Сабинского муниципального района Республики Татарстан",15814427773,"Ибрагимов","Нияз ","Ренатович","м","09.11.2008","нет",9,9,30,null,30,100,"участник ","нет","Габдрахманов Салават Саматович","муниципальное бюджетное общеобразовательное учреждение «Средняя общеобразовательная школа-интернат с углубленным изучением отдельных предметов для одаренных детей»  Сабинского муниципального района Республики Татарстан"]
[21,"451002_16079751189_11","муниципальное бюджетное общеобразовательное учреждение «Средняя общеобразовательная школа-интернат с углубленным изучением отдельных предметов для одаренных детей»  Сабинского муниципального района Республики Татарстан",16079751189,"Сафин","Адель ","Русланович","м","06.04.2008","нет",9,9,40,null,40,100,"участник ","нет","Габдрахманов Салават Саматович","муниципальное бюджетное общеобразовательное учреждение «Средняя общеобразовательная школа-интернат с углубленным изучением отдельных предметов для одаренных детей»  Сабинского муниципального района Республики Татарстан"]
[22,"454017_15912119355_11","муниципальное бюджетное общеобразовательное учреждение \"Изминская средняя общеобразовательная школа Сабинского муниципального района Республики Татарстан\"",15912119355,"Сагитов","Рустем","Раилевич","м","2007-07-02","нет",10,10,21,null,21,100,"участник","нет","Хадиева Гульнара Ахматовна","муниципальное бюджетное общеобразовательное учреждение \"Изминская средняя общеобразовательная школа Сабинского муниципального района Республики Татарстан\""]
[23,"454014_15820997598_11","муниципальное бюджетное общеобразовательное учреждение \"Кильдебякская средняя общеобразовательная школа Сабинского муниципального района Республики Татарстан\"","158-209-975 98","Каримуллин","Дамир","Зульфатович","м","21.05.2007","нет",10,10,17,null,17,100,"участник","нет","Абдуллина Лейсан Миннемехаматовна","муниципальное бюджетное общеобразовательное учреждение \"Кильдебякская средняя общеобразовательная школа Сабинского муниципального района Республики Татарстан\""]
[24,"451001_15826654700_11","муниципальное бюджетное общеобразовательное учреждение \"Гимназия п.г.т. Богатые Сабы Сабинского муниципального района Республики Татарстан\"",15826654700,"Галимзянова","Лиана","Альбертовна","ж","23.07.2007","нет",10,10,32,null,32,100,"участник","нет","Хазиева Нурия Гаязовна","муниципальное бюджетное общеобразовательное учреждение \"Гимназия п.г.т. Богатые Сабы Сабинского муниципального района Республики Татарстан\""]
[25,"451001_15826670091_11","муниципальное бюджетное общеобразовательное учреждение \"Гимназия п.г.т. Богатые Сабы Сабинского муниципального района Республики Татарстан\"",15826670091,"Мухамадияров","Инсаф","Ильнарович","м","26.03.2007","нет",10,10,33,null,33,100,"участник","нет","Хазиева Нурия Гаязовна","муниципальное бюджетное общеобразовательное учреждение \"Гимназия п.г.т. Богатые Сабы Сабинского муниципального района Республики Татарстан\""]
[26,"451001_15651789701_11","муниципальное бюджетное общеобразовательное учреждение \"Гимназия п.г.т. Богатые Сабы Сабинского муниципального района Республики Татарстан\"",15651789701,"Галимуллин","Ильсаф","Ильнарович","м","20.08.2007","нет",10,10,13,null,13,100,"участник","нет","Хазиева Нурия Гаязовна","муниципальное бюджетное общеобразовательное учреждение \"Гимназия п.г.т. Богатые Сабы Сабинского муниципального района Республики Татарстан\""]
[27,"454008_14907202454_11","муниципальное бюджетное общеобразовательное учреждение \"Тимершикская средняя общеобразовательная школа  Сабинского муниципального района Республики Татарстан\"",14907202454,"Шарафиев ","Рузаль","Ринатович","м","23.09.2007\n","нет",10,10,10,null,10,100,"участник","нет","Зарипова Зульфия Фидаиловна","муниципальное бюджетное общеобразовательное учреждение \"Тимершикская средняя общеобразовательная школа  Сабинского муниципального района Республики Татарстан\""]
[28,"452003_16072958681_11","муниципальное бюджетное общеобразовательное учреждение \"Шеморданский лицей \"Рост\" Сабинского муниципального района Республики Татарстан\"",16072958681,"Маметова","Асия","Азатовна","ж","04.01.2007","нет",10,10,59,null,59,100,"победитель","нет","Емельянова Ляйсан Мазитовна","муниципальное бюджетное общеобразовательное учреждение \"Шеморданский лицей \"Рост\" Сабинского муниципального района Республики Татарстан\""]
[29,"452003_16056573164_11","муниципальное бюджетное общеобразовательное учреждение \"Шеморданский лицей \"Рост\" Сабинского муниципального района Республики Татарстан\"",16056573164,"Шайхов","Амир","Расимович","м","06.03.2007","нет",10,10,46,null,46,100,"участник","нет","Емельянова Ляйсан Мазитовна","муниципальное бюджетное общеобразовательное учреждение \"Шеморданский лицей \"Рост\" Сабинского муниципального района Республики Татарстан\""]
[30,"451002_14860656184_11","муниципальное бюджетное общеобразовательное учреждение «Средняя общеобразовательная школа-интернат с углубленным изучением отдельных предметов для одаренных детей»  Сабинского муниципального района Республики Татарстан",14860656184,"Багавиев ","Ильсаф","Зуфарович","м","13.10.2007","нет",10,10,28,null,28,100,"участник","нет","Габдрахманов Салават Саматович","муниципальное бюджетное общеобразовательное учреждение «Средняя общеобразовательная школа-интернат с углубленным изучением отдельных предметов для одаренных детей»  Сабинского муниципального района Республики Татарстан"]
[31,"451024_15589348115_11","муниципальное бюджетное общеобразовательное учреждение \"Сабинская средняя общеобразовательная школа Сабинкого муниципального района Республики Татарстан\"",15589348115,"Мавлетов","Саид","Рустамович","м","27.01.2006","нет",11,11,28,null,28,100,"участник","нет","Габдрахманов Салават Саматович","муниципальное бюджетное общеобразовательное учреждение \"Сабинская средняя общеобразовательная школа Сабинкого муниципального района Республики Татарстан\""]
[32,"452003_16072962470_11","муниципальное бюджетное общеобразовательное учреждение \"Шеморданский лицей \"Рост\" Сабинского муниципального района Республики Татарстан\"",16072962470,"Хусаинов","Айдар","Ниязович","м","08.11.2006","нет",11,11,16,null,16,100,"участник","нет","Емельянова Ляйсан Мазитовна","муниципальное бюджетное общеобразовательное учреждение \"Шеморданский лицей \"Рост\" Сабинского муниципального района Республики Татарстан\""]
[33,"452003_14915182369_11","муниципальное бюджетное общеобразовательное учреждение \"Шеморданский лицей \"Рост\" Сабинского муниципального района Республики Татарстан\"",14915182369,"Замалиев","Искандер","Фаритович","м","04.12.2005","нет",11,11,27,null,27,100,"участник","нет","Емельянова Ляйсан Мазитовна","муниципальное бюджетное общеобразовательное учреждение \"Шеморданский лицей \"Рост\" Сабинского муниципального района Республики Татарстан\""]